00644nam a2200181 a 450000100100000000500170001000800410002704000250006810000350009324501040012825000110023226000300024330000210027370000370029404900090033195201050034099900170044500003417720200930070836.0110926s1967 mx 000 0 spa d aDO-SdBNPbspacBNPHU1 aJones, Arthur Frederick95960010aCuidado y educación de los perros /cArthur Frederick Jones; traducción de Juan Carlos Barrera. a9a ed. aMéxico :bDiana,c1967. a327 p. ;c23 cm.1 aBarrera, Juan Carlosetr.959601 aBNPD 001050718MOaGRbGRcCTd2011-09-26iLF1l0o p34177-10r2020-06-25w2020-06-25y1ZNo se presta c33668d33668